000
00272nas a2200109Ia 4500
008
140107s9999 xx 000 0 und d
040
_a
Loreto College
041
_a
English
245
_a
Indian Foreign Affairs Journal
260
_b
Cambridge University Press
942
_c
BV
999
_c
38942
_d
89421